Qual o clube de futebol brasileiro pelo apelido! - Statistics

Estatísticas Gerais
  • Esse quiz foi jogado 978 vezes
  • A pontuação média é 32 de 42
Estatísticas das Respostas
Apelido do clube Resposta % Correto
Verdão, Alviverde Palmeiras
100%
Timão Corinthians
99%
Rubro-Negro Flamengo
98%
Peixão, Alvinegro Praiano Santos
98%
Galo Atlético Mineiro
97%
Cabuloso Cruzeiro
97%
Colorado Internacional
97%
Soberano, Clube da Fé São Paulo
97%
Cruzmaltino, Gigante da Colina Vasco da Gama
97%
Tricolor, Time de Guerreiros, Pó de Arroz Fluminense
95%
Imortal, Rei de Copas Grêmio
95%
Glorioso Botafogo
94%
Furacão Athletico Paranaense
92%
Coxa Coritiba
92%
Coelhão América Mineiro
89%
Vozão Ceará
88%
Chape Chapecoense
88%
Leão do Pici Fortaleza
87%
Leão da Ilha Sport
87%
Macaca Ponte Preta
81%
Massa Bruta Red Bull Bragantino
80%
Figueira, Gigante do Estreito Figueirense
79%
Dragão Atlético Goianiense
77%
Esquadrão de Aço Bahia
75%
Esmeraldino Goiás
74%
Papo, Jaconero Juventude
72%
Papão da Amazônia, Alviceleste Paysandu
71%
Leão da Barra Vitória
68%
Bugre, Bugrão Guarani
67%
Dourado, Auriverde da Baixada Cuiabá
66%
Azurra Avaí
60%
Timbu Náutico
60%
Leão Azul Remo
60%
Gigante do Arruda, Terror do Nordeste Santa Cruz
58%
Azulão CSA
56%
Bolívia Querida Sampaio Corrêa
54%
Galo da Pajuçara CRB
48%
Alvinegro Potiguar, Elefante da Frasqueira ABC
46%
Tubarão Londrina
43%
Xavante Brasil de Pelotas
38%
Quadricolor Brusque
36%
Tigrão Vila Nova
31%
Nenhum quiz correspondente encontrado
Distribuição das Pontuações
Porcentagem de Pessoas com Cada Pontuação
Percentil de Números Respondidos
Sua Pontuação Histórica
Você não jogou esse quiz